000 01399nam a2200361 a 4500
001
003 DO-SdBNP
005 20240322133909.0
007 000045356
008 150305s2013 mx ac 001 0 spa d
020 _a9789681645366
040 _aBPMSU
_bspa
_cBPMSU
082 4 _a232.910972
_bN359s 2013
_222
100 1 _aNebel, Richard
245 1 0 _aSanta María Tonantzin, Virgen de Guadalupe:
_bcontinuidad y transformación religiosa en México /
_cRichard Nebel ; traducción del alemán por Carlos Warnholtz Bustillos, con la colaboración de Irma Ochoa de Nebel.
260 _aMéxico :
_bFondo de Cultura Económica,
_c2013
300 _a445 p. :
_bil., retrs. ;
_c25 cm.
490 0 _3Sección de obras de historia
500 _aIncluye referencias bibliográficas y notas al pie de páginas
500 _aIncluye índice
500 _a
500 _a
504 _aBibliografía p: 369-411
534 _pTítulo original :
_tSanta María Tonantzin Virgen de Guadalupé. : religiöse Kontinuität und Transformation in Mexiko
590 _aInventariado, 2024/VM
_6
600 _aVirgen de Guadalupe
_xCulto
_z
650 4 _aIglesia católica
_zMéxico
_xHistoria
651 _2
700 1 _aWarnholtz Bustillos, Carlos
_etraductor
710 2 _aFondo de Cultura Económica (México)
910 _aVMateo V. Control de calidad. BPMSU
942 _2ddc
_cBK
999 _c14615
_d14615